Tilastot visalle Puola-visa

Klikkaa tästä pelataksesi tätä visaa!

Yleistilastot

  • Tätä visaa on pelattu 443 kertaa
  • Keskiarvotulos 8 / 20

Vastaustilastot

VihjeVastaus% Oikein
PääkaupunkiVarsova
99%
Meri Puolan pohjoispuolellaItämeri
81%
Toiseksi suurin kaupunki ja entinen pääkaupunkiKrakova
71%
Entinen vapaakaupunki, jonka nimi saksaksi on DanzigGdańsk
67%
Puola puolaksiPolska
63%
Säteilytutkija, joka oli ensimmäinen Nobel-palkinnon voittanut nainenMarie Curie
54%
Puolan valuuttaZloty
50%
Aurinkokeskeisen aurinkokunnan mallin luojaNikolaus Kopernikus
49%
Pianotaituri ja
"Minuuttivalssin" säveltäjä
Frédéric Chopin
33%
Ainoa puolalainen paaviJohannes Paavali II
31%
Yllä olevan johtaja ja Puolan presidentti vuosina 1990-1995Lech Wałęsa
31%
Pisin jokiVeiksel
29%
Saksan ja Puolan rajajokiOder
27%
Suurin kaupunki Ylä-SleesiassaKatowice
25%
"Pianistin" ohjannut pakolaiselokuvaohjaajaRoman Polański
25%
Ammattiliitto, joka vastusti neuvostolaisiaSolidaarisuus
24%
Puolalainen täytetty keitinpiirasPierogi
17%
Villikarja, joka kuoli sukupuuttoon vuonna 1627Alkuhärkä
16%
Puolan viimeinen kuningasStanislaus II Poniatowski
10%
Donitsit, joida syödään paastoa edeltävänä torstainaPączki
9%

Tulosjakauma

Persentiili vastausten määrän mukaan

Jokaisen tuloksen saaneiden osuus

Tuloshistoriasi

Et ole pelannut tätä visaa